Normal view
MARC view
- التفكير-علم النفس التربوي-التعلم-العقل-علم النفس
Entry Topical Term
001 - CONTROL NUMBER
- control field: 43052
003 - CONTROL NUMBER IDENTIFIER
- control field: JO-AjAnu
005 - DATE AND TIME OF LATEST TRANSACTION
- control field: 20230606081134.0
008 - FIXED-LENGTH DATA ELEMENTS
- fixed length control field: 230606|| aca||aabn | a|a d
040 ## - CATALOGING SOURCE
- Original cataloging agency: JO-AjAnu
- Transcribing agency: JO-AjAnu
150 ## - HEADING--TOPICAL TERM
- Topical term or geographic name entry element: التفكير-علم النفس التربوي-التعلم-العقل-علم النفس
670 ## - SOURCE DATA FOUND
- Source citation: Work cat.: (JO-AjAnu)22048: هاشم، احمد اسماعيل/ترجمة، Ormrod,Jeanne Ellis, author 43051, عقولنا وذاكراتنا :تقوية التفكير والتعلم في كل الأعمار= Our Minds and Memories: Enhancing Thinking and Learning at All Ages